000 00906nam a2200277Ia 4500
001 Para_5472
003 CHAP
008 220125s1987 xx 000 0 und d
010 _a204722
040 _cCHAP
082 _aPA 595.7 A9
100 _aAyala Orduño, José Luis
_98962
245 _aManual para prácticas de laboratio de entomología agrícola /
_c José Luis Ayala Orduño, Juan Fernando Solís Aguilar
260 _aChapingo, Méx. :
_b UACh. Departamento de Parasitología Ag'rícola
300 _a90 h.
650 _aEntomología
_x Manuales de laboratorio
_937133
700 _aSolís Aguilar, Juan Fernando
_9108424
710 _aUACh. Departamento de Parasitología Agrícola
_9115877
901 _aPA 595.7 A9
902 _aA
905 _a0000001987 CHA 0000000000 00
910 _a1987
942 _cPARA
942 _cPARA
_d1
999 _c204722
_d204722